| 000 | 00648nam a22002057a 4500 | ||
|---|---|---|---|
| 003 | DO-SdBNP | ||
| 005 | 20240404094740.0 | ||
| 008 | 210825b 2020 dr 00| 0 eng d | ||
| 020 | _a9789945096156 | ||
| 040 |
_aDO-SdBNP _bspa _cBNPHU |
||
| 100 | 1 |
_aCruz Sánchez, Filiberto _913112 |
|
| 245 | 1 | 3 |
_aLa independencia de Estados Unidos / _cFiliberto Cruz Sánchez |
| 260 |
_aSanto Domingo : _bEl Nuevo Diario ; _c2020. |
||
| 300 |
_a55 p. : _bil. ; _c21 cm. |
||
| 500 | _aIncluye referencias bibliográficas y notas al pie de las páginas | ||
| 504 | _aBibliografía : p. 55 | ||
| 590 | _aInventariado, 2021/BT | ||
| 910 | _aBtavárez | ||
| 942 |
_2ddc _cLBS1 |
||
| 999 |
_c50291 _d50291 |
||